00366nam a2200121Ia 4500008004100000024003000041082001600071100003500087245003800122260002500160600002100185650003800206250506s9999 xx 000 0 und d a00A-05-BS & 00A-19-BS a005.072 MOH aMohammad Ahmed & Faisal Farooq 0aJava Based Interactive Television aKarachi:bUIT,c2000 aComputer Science aBachelor of Computer Science (BS)